00654nam a22001937a 450000500170000001000270001702000260004403500140007003500140008403700090009808200120010710000240011924501060014326000570024927000890030630000260039570000170042170000220043820250528163015.0 a ENG-145057 ENG-131823 a9789388096126c360.00 aEN-115355 aEN-128589 bDBAD a005.133 aRao, K.V. Sambasiva aObject Oriented Concepts through Java Programming/cK.V. Sambasiva Rao, D. suneetha, M. Seshu Bhavani aHyderabadbSevenHills International Publishersc2019 bHyderabada# 326/C, III Floor, Surneni Nilayam Near B K Guda Park, S R Nagare500038 axii, 460p.c24cm(pbk) aSuneetha, D. aBhavani, M. Seshu